University Home | Library Home | Institutional Repository

Kilimanjaro 1982. (Record no. 61176)

MARC details
000 -LEADER
fixed length control field 00585cam9a220020500 4500
001 - CONTROL NUMBER
control field tmp15408587
003 - CONTROL NUMBER IDENTIFIER
control field UPRA
005 - DATE AND TIME OF LATEST TRANSACTION
control field 20190815095445.0
008 - FIXED-LENGTH DATA ELEMENTS--GENERAL INFORMATION
fixed length control field 950808s1982 nsc eng u
035 ## - SYSTEM CONTROL NUMBER
System control number (Sirsi) r32727
035 ## - SYSTEM CONTROL NUMBER
System control number (UPRA)tmp15408587
040 ## - CATALOGING SOURCE
Transcribing agency UPRA
245 00 - TITLE STATEMENT
Title Kilimanjaro 1982.
260 ## - PUBLICATION, DISTRIBUTION, ETC.
Place of publication, distribution, etc. Liverpool :
Name of publisher, distributor, etc. Liverpool Institute,
Date of publication, distribution, etc. 1982.
504 ## - BIBLIOGRAPHY, ETC. NOTE
Bibliography, etc. note Bibliography.
650 #0 - SUBJECT ADDED ENTRY--TOPICAL TERM
Topical term or geographic name entry element Mountaineering.
Linkage S20156.1
651 #0 - SUBJECT ADDED ENTRY--GEOGRAPHIC NAME
Geographic name Kilimanjaro -- Expedition.
General subdivision Kilimanjaro -- Expedition.
Linkage S69846.1
949 ## - LOCAL PROCESSING INFORMATION (OCLC)
a GV199.8
w lcc
i -37769
m MAIN
t BOOK
l ON-SHELF

No items available.

© 2026 - The University of Zambia Library - Koha v25.11